Solutions manual to macroeconomics

Αποθηκεύτηκε σε:
Λεπτομέρειες βιβλιογραφικής εγγραφής
Κύριος συγγραφέας: Kennedy, Peter
Μορφή: Βιβλίο
Γλώσσα:English
Δημοσίευση: Boston, London : Allyn and Bacon, Inc., c1975
Θέματα:
Ετικέτες: Προσθήκη ετικέτας
Δεν υπάρχουν, Καταχωρήστε ετικέτα πρώτοι!

MARC

LEADER 00000nam a2200000 i 4500
001 1/43512
008 961106s1975 eng d
020 |a 0-205-04283-X 
035 |l 10025792 
040 |a GR-MY-UA  |b gre  |e aacr 
041 0 |a eng 
082 0 |a 339.01 
100 1 |a Kennedy, Peter. 
245 1 0 |a Solutions manual to macroeconomics /  |c Peter Kennedy 
260 |a Boston, London :   |b Allyn and Bacon, Inc.,   |c c1975 
300 |a 100 p. 
650 0 0 |a Macroeconomics. 
852 |a INST  |b CHIOS  |e 19961106  |h 339.01 KEN  |p 005200011034  |q 005200011034  |t BK  |y 0 
909 |a Χ  |b 013280